| 000 | 02050nam0a22003251 4500 | ||
|---|---|---|---|
| 001 | v19\rc\2010397 | ||
| 005 | 20080925104527.3 | ||
| 035 | _a(NLR Aleph) 005118626 | ||
| 090 |
_a7570224 _c7570224 |
||
| 100 | _a20080925d1901 |||y0rusy50 ca | ||
| 101 | 1 |
_arus _cger |
|
| 102 | _aRU | ||
| 105 | _ay z ||||| | ||
| 200 | 1 |
_aПредупредитель болезней, или Диететическое изменение нормального состава крови (дизэмия) как основная причина всех болезней _eК учению о предрасположенности к заболеваниям и о предупреждении их _fГ. Ламанн _g!Пер. с 9-го изд.: Dr. Med. H. Lahmann, Die diätetische Blutentmischung (Dysämie) als Grundursache aller Krankheiten, д-ра С.К. |
|
| 205 | _a2-е рус. изд. | ||
| 210 |
_aСанкт-Петербург _cГ.В. Гольстен _d1901 |
||
| 215 |
_a[2], II, 242 с. _d20 |
||
| 300 | _aПер. также под загл.: Диететическое изменение нормального состава крови (дизэмия) как основная причина всех болезней | ||
| 320 | _aБиблиогр. в примеч. | ||
| 451 | 0 | _12001#$aДиететическое изменение нормального состава крови (дизэмия) как основная причина всех болезней | |
| 454 | 0 |
_12001#$aDie diätetische Blutentmischung (Dysämie) als Grundursache aller Krankheiten$fDr. Med. H. Lahmann _1205##$a9-е изд. _1700#1$aLahmann$bH. |
|
| 700 | 1 |
_6z01790 _aЛаман _bИ. Г. _f1860-1905 _gИоган Генрих |
|
| 702 | 0 |
_aСтефан _cКуртеев, Семен Петрович _cиеромонах _f1830-1890 _3RU\NLR\AUTH\779749 _4730 |
|
| 790 | 1 |
_6z01700 _aЛаманн _bГ. _f1860-1905 |
|
| 801 | 0 |
_aRU _bNLR _gpsbo |
|
| 801 | 1 |
_aRU _bProSoft-M _2rusmarc |
|
| 852 |
_aNLR _j130/3560 |
||
| 852 |
_aNLR _j20.50.4.37 |
||
| 942 | _cBOOK | ||
| 980 | _aNB | ||